书目信息 |
| 题名: |
施特劳斯钢琴圆舞曲集
|
|
| 作者: | 施特劳斯 曲 | |
| 分册: | ||
| 出版信息: | 合肥 安徽文艺出版社 1996 |
|
| 页数: | 119页 | |
| 开本: | 28cm | |
| 丛书名: | ||
| 单 册: | ||
| 中图分类: | J655.8 | |
| 科图分类: | ||
| 主题词: | 圆舞曲--钢琴谱--奥地利--近代 , 圆舞曲 , 钢琴谱 | |
| 电子资源: | ||
| ISBN: | 7-5396-1446-3 | |
| 000 | 00809nam0 2200253 45 | |
| 001 | 012006080901 | |
| 005 | 20070103083651.25 | |
| 010 | @a7-5396-1446-3@dCNY15.00 | |
| 092 | @aCN@b501528 | |
| 100 | @a20060809e19991996em y0chiy0120 ea | |
| 101 | 0 | @achi |
| 102 | @aCN@b340000 | |
| 105 | @ag z 000yy | |
| 200 | 1 | @a施特劳斯钢琴圆舞曲集@Ashi te lao si gang qin yuan wu qu ji@f施特劳斯曲@Fshi te lao si qu |
| 210 | @a合肥@c安徽文艺出版社@d1996@h1999重印 | |
| 215 | @a119页@d28cm | |
| 330 | @a本书收录了“晨刊”、“蓝色多瑙河”、“维也纳森林的故事”、“蝙蝠”、“南国玫瑰”等钢琴圆舞曲。 | |
| 606 | 0 | @a圆舞曲@x钢琴谱@y奥地利@y近代 |
| 606 | 0 | @a圆舞曲 |
| 606 | 0 | @a钢琴谱 |
| 690 | @aJ655.8@v4 | |
| 701 | 0 | @a施特劳斯@Ashi te lao si@4曲 |
| 801 | 0 | @aCN@bLZJBOOK@c20070103 |
| 905 | @a10447@dJ655.8@e350 | |
| 施特劳斯钢琴圆舞曲集/施特劳斯曲.-合肥:安徽文艺出版社,1996(1999重印) |
| 119页;28cm |
| ISBN 7-5396-1446-3:CNY15.00 |
| 本书收录了“晨刊”、“蓝色多瑙河”、“维也纳森林的故事”、“蝙蝠”、“南国玫瑰”等钢琴圆舞曲。 |
| ● |
| 相关链接 |
|
|
|
|
正题名:施特劳斯钢琴圆舞曲集
索取号:J655.8/350
 
预约/预借
| 序号 | 登录号 | 条形码 | 馆藏地/架位号 | 状态 | 备注 |
| 1 | 0551336 | 205513363 | 第一样本阅览室/ [索取号:J655.8/350] | 在馆 | |
| 2 | 0551337 | 205513372 | 第一借阅区/ [索取号:J655.8/350] | 在馆 | |
| 3 | 0551338 | 205513381 | 第一借阅区/ [索取号:J655.8/350] | 在馆 | |
| 4 | 0551339 | 205513390 | 第一借阅区/ [索取号:J655.8/350] | 在馆 | |
| 5 | 0551340 | 205513407 | 第一借阅区/ [索取号:J655.8/350] | 在馆 | |
| 6 | 0551341 | 205513416 | 第一借阅区/ [索取号:J655.8/350] | 在馆 | |
| 7 | 0551342 | 205513425 | 第一借阅区/ [索取号:J655.8/350] | 在馆 | |
| 8 | 0551343 | 205513434 | 第一借阅区/ [索取号:J655.8/350] | 在馆 |